L'Éducation dans les colonies de jeunes détenus et la préservation des jeunes libérés (Record no. 131172)

MARC details
000 -LEADER
campo de control de longitud fija 00680nam a2200181 4500
001 - NÚMERO DE CONTROL
campo de control 131172
003 - IDENTIFICADOR DE NÚMERO DE CONTROL
campo de control ES-MaACL
005 - FECHA Y HORA DE LA ÚLTIMA TRANSACCIÓN
campo de control 20230906193929.0
007 - CAMPO FIJO DE DESCRIPCIÓN FÍSICA--INFORMACIÓN GENERAL
campo de control de longitud fija t|
008 - DATOS DE LONGITUD FIJA--INFORMACIÓN GENERAL
campo de control de longitud fija 070214s1907 fr r ||||1| fre d
100 1# - ENTRADA PRINCIPAL--NOMBRE DE PERSONA
Nombre de persona Robin, Henri.
9 (RLIN) 97871
245 12 - MENCIÓN DEL TÍTULO
Título L'Éducation dans les colonies de jeunes détenus et la préservation des jeunes libérés
Resto del título : thèse pour le Doctorat de Droit (sciences juridiques) /
Mención de responsabilidad, etc. par Henri Robin.
260 ## - PUBLICACIÓN, DISTRIBUCIÓN, ETC.
Lugar de publicación, distribución, etc. Paris :
Nombre del editor, distribuidor, etc. [s. n.],
Fecha de publicación, distribución, etc. 1907 (
Fabricante Imp. de F. Levé)
300 ## - DESCRIPCIÓN FÍSICA
Extensión 116 p.
500 ## - NOTA GENERAL
Nota general Precede al tít.: Université de Paris, Faculté de Droit.
710 2# - ENTRADA AGREGADA--NOMBRE DE ENTIDAD CORPORATIVA
Nombre de entidad corporativa o nombre de jurisdicción como elemento de entrada Université de Paris.
Unidad subordinada Faculté de Droit.
9 (RLIN) 7484
852 ## - LOCALIZACIÓN
Ubicación ES-MaACL
Número de control de estantería T-1380-F-4
Holdings
Estatus retirado Estado de pérdida Estado de daño No para préstamo Colección Biblioteca de origen Biblioteca actual Ubicación en estantería Fecha de adquisición Fuente de adquisición Total de préstamos Signatura topográfica completa Código de barras Visto por última vez Precio de reemplazo Tipo de ítem Koha
        Colección de folletos Biblioteca del Ateneo de Madrid Biblioteca del Ateneo de Madrid Depósito folletos 17/01/2008     T-1380-F-4 1136563 23/02/2023 23/02/2023 Folleto